Представление документа в формате MARC21

Поле Инд. ПП Название Значение
Тип записи a
Библиографический уровень b
001 Контрольный номер RU/IS/BASE/291316448
005 Дата корректировки 20200630193248.2
008 Кодируемые данные 20090325
040 b Код языка каталог. rus
e Правила каталог. PSBO
041 0_ a Код языка текста rus
084 a Индекс другой классификации/Индекс ББК 81.411.2-03; 81.411.2-324
100 1_ a Автор Овчинникова М. В.
245 10 a Заглавие Закономерности формирования терминологии уголовного права XVIII века
504 a Библиография Библиогр. ссылки
520 0_ a Аннотация Исследование показывает, что развитие терминологии уголовного права XVIII в. подчиняется общим закономерностям формирования национальной терминологии и литературного языка
650 04 a Основная рубрика лексикология; история языка
a Основная рубрика русский язык
a Основная рубрика филологические науки
a Основная рубрика частное языкознание
a Основная рубрика языкознание
653 0_ a Ключевые слова XVIII век
a Ключевые слова деловая письменность
a Ключевые слова правовая терминология
a Ключевые слова терминологизация
a Ключевые слова терминология
a Ключевые слова уголовное право
a Ключевые слова церковнославянизмы
773 08 t Заглавие источника Филологические науки
d Дата издания источника 2008
g Прочая информация № 5. - С. 70 - 77
w Контрольный № источника RU/IS/BASE/277827611
901 t Тип документа b